Microbiology : (رقم التسجيلة. 38495)

تفاصيل مارك
000 -الفاتح
حقل البيانات ثابتة الطول 01229pam a2200325 a 4500
001 - رقم الضبط
رقم الضبط 1653507
003 - محدد رقم الضبط
رقم الضبط OSt
005 - وقت وتاريخ اخر تعامل مع التسجيلة
رقم الضبط 20151020140701.0
008 - عناصر البيانات ثابتة الطول - معلومات عامة
حقل البيانات ثابتة الطول 970530s2016 caua 001 0 eng
010 ## - رقم ضبط مكتبة الكونجرس
رقم ضبط مكتبة الكونجرس 97025184
020 ## - الرقم الدولى المعيارى للكتب
الرقم الدولى المعيارى للكتاب 0805385355
020 ## - الرقم الدولى المعيارى للكتب
الرقم الدولى المعيارى للكتاب 0805379797 (disc)
020 ## - الرقم الدولى المعيارى للكتب
الرقم الدولى المعيارى للكتاب 9781292099149
040 ## - مصدر الفهرسة
وكالة الفهرسة الأصلية DLC
وكالة النسخ DLC
وكالة التعديل DLC
050 00 - رقم طلب مكتبة الكونجرس
رقم التصنيف QR41.2
رقم المادة .T67 1998
082 00 - رقم تصنيف ديوى العشرى
رقم التصنيف 579
رقم الطبعة 21
رقم المادة TGM
100 1# - المدخل الرئيسى - إسم شخصى
الإسم الشخصى Tortora, Gerard J.
9 (RLIN) 38025
245 10 - بيان العنوان
العنوان Microbiology :
بقية العنوان an introduction /
بيان المسئوليه,etc Gerard J. Tortora, Berdell R. Funke, Christine L. Case.
250 ## - بيان الطبعة
بيان الطبعة 12th ed.
260 ## - PUBLICATION, DISTRIBUTION, ETC. (IMPRINT)
مكان الناشر او الموزع Menlo Park, Calif. :
اسم الناشر او الموزع Benjamin/Cummings,
تاريخ النشر أو التوزيع 2016
300 ## - الوصف المادى
التعداد xxiv, 832 p. :
تفاصيل ماديه اخرى للوعاء ill. (some col.) ;
أبعاد الوعاء 29 cm. +
المادة المصاحبة 1 computer laser optical disc (4 3/4 in.)
500 ## - تبصرة عامة
تبصرة عامة Includes index.
546 ## - تبصرة اللغة
تبصرة اللغة System requirements for accompanying computer disc: IBM-compatible PC; for Macintosh and Windows.
650 #0 - المدخل الاضافى بالموضوع-مصطلح موضوعى
مصطلح موضوعي أو اسم جغرافي كعنصر مدخل Microbiology.
9 (RLIN) 52503
700 1# - المدخل الاضافى - اسم شخصى
الإسم الشخصى Funke, Berdell R.
9 (RLIN) 38026
700 1# - المدخل الاضافى - اسم شخصى
الإسم الشخصى Case, Christine L.,
التواريخ المصاحبة للاسم 1948-
9 (RLIN) 19456
906 ## - عنصر بيانات محلى F, LDF (RLIN)
a 7
b cbc
c orignew
d 1
e ocip
f 19
g y-gencatlg
942 ## - عناصر المدخل الإضافي( كوها)
مصدر التصنيف او مخطط الترفيف Dewey Decimal Classification
Koha [default] item type كتاب
المقتنيات
حالة الفقد نموذج السعر الفعال حالة تلف ليس للاعارة رقم الطلب تاريخ الاكتساب الموقع الحالي الباركود الفرع الرئيسي Date last seen نوع المادة فى نظام كوها مصدر التصنيف او خطة الترفيف Total Checkouts Date last checked out Total Renewals مُعار
  2015-10-20     579 TGM 2015-10-20 المكتبة المركزية بالمجمعة (CL) 00654635 المكتبة المركزية بالمجمعة (CL) 2015-10-20 كتاب Dewey Decimal Classification        
  2015-10-20     579 TGM 2015-10-20 المكتبة المركزية بالمجمعة (CL) 00654636 المكتبة المركزية بالمجمعة (CL) 2015-10-20 كتاب Dewey Decimal Classification        
  2015-10-20     579 TGM 2015-10-20 المكتبة المركزية بالمجمعة (CL) 00654637 المكتبة المركزية بالمجمعة (CL) 2023-11-14 كتاب Dewey Decimal Classification 2 2023-11-07    
  2015-10-20     579 TGM 2015-10-20 مكتبة كلية العلوم الطبية التطبيقية بالمجمعة - طالبات (AMF) 00654638 مكتبة كلية العلوم الطبية التطبيقية بالمجمعة - طالبات (AMF) 2022-03-31 كتاب Dewey Decimal Classification 3 2022-03-31 1 2022-05-30
  2015-10-20     579 TGM 2015-10-20 مكتبة كلية العلوم الطبية التطبيقية بالمجمعة - طالبات (AMF) 00654639 مكتبة كلية العلوم الطبية التطبيقية بالمجمعة - طالبات (AMF) 2015-10-20 كتاب Dewey Decimal Classification